Fundamental Mathematics for computer applications

Zapisane w:
Opis bibliograficzny
1. autor: PUNDIR, Sudir Kumar
Format: Książka
Język:angielski
Wydane: CBS Publishers 2019
Etykiety: Dodaj etykietę
Nie ma etykietki, Dołącz pierwszą etykiete!

MARC

LEADER 00000nam a22000007a 4500
008 210902b ||||| |||| 00| 0 eng d
020 |a 9789388527668 
100 |a PUNDIR, Sudir Kumar 
245 |a Fundamental Mathematics for computer applications  |c Sudir Kumar Pundir  |g xvi, 824p.:ill. 
260 |b CBS Publishers  |c 2019  |h New Delhi  |i 696902  |i 696903  |l QA155.7.E4P96  |m Algebra-Data processing  |m Computer algorithms  |m Computer science-mathematics  |m Mathematical statistics  |m Computer mathematics  |m Statistics  |m Numerical analysis 
500 |a It includes Index 
942 |a lcc  |c BK  |e Kuteyi M. A  |f 2/9/2021 
952 |0 0  |1 0  |2 lcc  |4 0  |6 QA01557 E4 P96  |7 0  |9 3347  |a HOL  |b HOL  |c QZ  |d 2021-09-02  |l 0  |o QA155.7.E4P96  |p 2021-67058  |r 2021-09-02 00:00:00  |w 2021-09-02  |y BK 
952 |0 0  |1 0  |2 lcc  |4 0  |6 QA01557 E4 P96  |7 0  |9 3348  |a HOL  |b SL  |c QZ  |d 2021-09-02  |l 0  |o QA155.7.E4P96  |p 2021-67059  |r 2021-09-02 00:00:00  |w 2021-09-02  |y BK 
999 |c 1668  |d 1668